| 000 | 01275 a2200229 4500 | ||
|---|---|---|---|
| 003 | Nust | ||
| 005 | 20230124122800.0 | ||
| 010 | _a 00048432 | ||
| 020 | _a0240803574 (pbk. : alk. paper) | ||
| 040 | _cNust | ||
| 082 | 0 | 0 | _a384.554,TAS |
| 100 | 1 |
_aVan Tassel, Joan M. _9107528 |
|
| 245 | 1 | 0 |
_aDigital TV over broadband : _bharvesting bandwidth / _cJoan Van Tassel. |
| 260 |
_aBoston : _bFocal Press, _cc2001. |
||
| 300 |
_axiv, 594 p. : _bill. ; _c24 cm. |
||
| 505 | _aThe Digital Destiny (Page-1), From Show Biz to Show Bits (Page-25), Digit logy 101 (Page-44), High-Definition Television (Page-76), Digital Shape-Shifting (Page-121), Two-Facing TV (Page-154), From Network TV to Networked TV (Page-185), Fiber Fever (Page-210), Wired Bit pipes .1 (Page-257), Wired Bit pipes .2 (Page-296), Wireless Bit pipes (Page-322), Living Digitally (Page-375), From Reel (Movies) to Real (Networks) (Page-410), Cache Flow (Page-467), Brave New WW World (Page-505). | ||
| 650 | 0 |
_aBroadband communication systems. _93503 |
|
| 650 | 0 |
_aDigital television. _958180 |
|
| 856 | 4 | 2 |
_3Publisher description _uhttp://www.loc.gov/catdir/description/els031/00048432.html |
| 856 | 4 | 2 |
_3Table of contents _uhttp://www.loc.gov/catdir/toc/els031/00048432.html |
| 942 |
_2ddc _cBK _k384.554,TAS |
||
| 999 |
_c185312 _d185312 |
||